000 00528nam a2200205Ia 4500
003 GCL
008 140319s9999 xx 000 0 eng d
040 _aGCL /
_cGCL
082 0 4 _a822
_bH R
100 1 _aHOBSBAUM, PHILIP
245 1 0 _aA READER'S GUIDE TO D.H. LAWRENCE /
_cHOBSBAUM, PHILIP
260 _a[S.N] :
_bTHAMES AND HUDSON ،
_c1988
300 _a160 P
650 0 4 _aLITERATURE
650 0 4 _aSTORIES
650 0 4 _aPOEMS
650 0 4 _aحفظ وصيانة الموارد
650 0 4 _aNOVELS
942 _2ddc
_cBK
999 _c24825
_d24825